Länder, die bis 2070 am stärksten wachsen - Statistiken

Allgemein
  • Dieses Quiz wurde 75 mal gespielt
  • Das Durchschnittsergebnis liegt bei 11 aus 20
Antwortstatistiken
% Land % Korrekt
285 Niger
96%
202 Demokratische Republik Kongo
77%
180 Mali
69%
127 Sudan
68%
171 Tschad
65%
134 Kamerun
61%
149 Senegal
59%
175 Somalia
58%
128 Uganda
58%
168 Angola
56%
134 Elfenbeinküste
56%
138 Sambia
55%
165 Zentralafrikanische Republik
55%
163 Tansania
54%
142 Mauretanien
52%
144 Mosambik
52%
126 Malawi
46%
149 Benin
44%
136 Burundi
44%
127 Vanuatu
1%
Keine übereinstimmenden Quizze gefunden
Verteilung der Resultate
Anzahl Personen mit jedem Resultat
Perzentil nach korrekt beantworteten Fragen
Ihre Resultats-Entwicklung
Sie haben dieses Quiz noch nicht gespielt